000 00688nam a2200205 a 4500
001 23921
003 CO-ViMGA
008 141112s2004 ck r 000 u spa d
020 _a9589777392
040 _aCO-ViMGA
_bspa
_cCO-ViMGA
082 0 4 _aI 574.529 R637a4
100 1 _aRodriguez, Lucho
_934686
245 1 0 _aAnimales en extincion colombia :
_bregion caribe /
_cLucho Rodriguez
260 _aColombia :
_bediciones B
300 _a26p.
650 1 4 _a2 : ESPECIES AMENAZADAS - CARIBE (REGION, COLOMBIA)
_934687
650 1 4 _a3 : CONSERVACION DE LA VIDA SILVESTRE - CARIBE (REGION, COLOMBIA)
_934688
650 1 4 _aECOSISTEMA - CARIBE (REGION, COLOMBIA)
_934689
942 _2ddc
_cBK
999 _c31990
_d31990